La espada de Liuva / (Registro nro. 8678)
[ vista simple ]
| 000 -LIDER | |
|---|---|
| fixed length control field | 00896nam a2200289 a 4500 |
| 003 - IDENTIFICACDOR DE NÚMERO DE CONTROL | |
| control field | DO-SdBNP |
| 005 - DATE AND TIME OF LATEST TRANSACTION | |
| control field | 20180222085128.0 |
| 008 - ELEMENTOS DE LONGITUD FIJA | |
| fixed length control field | 110411s1990 sp a 000 j spa d |
| 020 ## - ISBN | |
| International Standard Book Number | 8434832755 |
| 040 ## - FUENTE DE CATALOGACIÓN | |
| Agencia que crea de manera original el registro | BPMSU |
| Idioma de catalogación | spa |
| Agencia que realiza la transcripción | BPMSU |
| 092 ## - LOCALLY ASSIGNED DEWEY DECIMAL CALL NUMBER | |
| Número de clasificación | XXXX |
| Número de ítem (Cutter) | XXXX |
| 100 1# - ASIENTO PRINCIPAL -- NOMBRE PERSONAL | |
| Nombre personal | Farias, Juan |
| 245 13 - MENCIÓN DE TITULO | |
| Título | La espada de Liuva / |
| Mención de responsabilidad | Juan Farias ; ilustraciones Tino Gatagán ; colección dirigida por Isabel Cano, Jesús Larriba. |
| 260 ## - PUBLICACIÓN, DISTRIBUCIÓN, ETC. (PIE DE IMPRENTA) | |
| Lugar de publicación, distribución, etc | Madrid : |
| Nombre del editor, distribuidor, etc. | SM, |
| Fecha de publicación, distribución, etc | 1990. |
| 300 ## - DESCRIPCIÓN FÍSICA | |
| Extensión | 123 p. : |
| Otros detalles físicos | il. ; |
| Dimensiones | 17 cm. |
| 490 0# - MENCIÓN DE SERIES | |
| Mención de serie | Catamarán |
| Volume/sequential designation | 26 |
| 521 1# - TARGET AUDIENCE NOTE | |
| Target audience note | A partir de 12 años. |
| 650 ## - ENCABEZAMIENTO DE MATERIA--TEMÁTICO | |
| Fuente del encabezamiento o término | NOVELA INFANTIL ESPAÑOLA |
| 650 ## - ENCABEZAMIENTO DE MATERIA--TEMÁTICO | |
| Fuente del encabezamiento o término | LITERATURA INFANTIL ESPAÑOLA |
| 700 1# - ASIENTO SECUNDARIO -- NOMBRE PERSONAL | |
| Nombre personal | Cano, Isabel |
| Mención de responsabilidad | dir. colección |
| 700 1# - ASIENTO SECUNDARIO -- NOMBRE PERSONAL | |
| Nombre personal | Larriba, Jesús |
| Mención de responsabilidad | dir. colección |
| 700 1# - ASIENTO SECUNDARIO -- NOMBRE PERSONAL | |
| Nombre personal | Gatagán, Tino |
| Mención de responsabilidad | il. |
| 830 #0 - ASIENTO SECUNDARIO DE SERIE--TÍTULO UNIFORME | |
| Título uniforme | Catamarán |
| Volume number/sequential designation | 26 |
| 942 ## - ADDED ENTRY ELEMENTS (KOHA) | |
| Source of classification or shelving scheme | Dewey Decimal Classification |
| Koha item type | Libros |
| 945 ## - INFORMACIÓN DE PROCESAMIENTO LOCAL | |
| Información de procesamiento local | Inventariado, 2018/ YL |
| 956 ## - LOCAL ELECTRONIC LOCATION AND ACCESS (OCLC) | |
| Nombre de host | YLOCKWARD |
| Número de acceso | 10 |
| Información de compresión | BPMSU |
| Withdrawn status | Lost status | Source of classification or shelving scheme | Damaged status | Not for loan | Collection code | Home library | Current library | Date acquired | Source of acquisition | Total Checkouts | Barcode | Date last seen | Price effective from | Koha item type |
|---|---|---|---|---|---|---|---|---|---|---|---|---|---|---|
| Dewey Decimal Classification | Colección Infantil General | Biblioteca Pública Metropolitana Salomé Ureña | Biblioteca Pública Metropolitana Salomé Ureña | 11/12/2015 | Agencia de cooperación internacional del Japón | BPMSU15110229 | 11/12/2015 | 11/12/2015 | Libros |